Fundamentals of Library Resources, Information System and Technology: (Record no. 210766)

MARC details
000 -LEADER
fixed length control field 00734nam a22002177a 4500
005 - DATE AND TIME OF LATEST TRANSACTION
control field 20250403162707.0
010 ## - LCCN (DPL NO)
LC control number ENG-144501
020 ## - INTERNATIONAL STANDARD BOOK NUMBER
International Standard Book Number 9788197393990
Terms of availability 2200.00
035 ## - SYSTEM CONTROL NUMBER
System control number EN-128033
037 ## - SOURCE OF ACQUISITION
Source of stock number/acquisition DBAD
082 ## - DEWEY DECIMAL CLASSIFICATION NUMBER
Classification number 020.5
Edition number 1
100 ## - MAIN ENTRY--PERSONAL NAME
Personal name Aprajita Shrama
245 ## - TITLE STATEMENT
Title Fundamentals of Library Resources, Information System and Technology:
Remainder of title A Comprehensive Text Book/
Statement of responsibility, etc Aprajita Shrama
250 ## - EDITION STATEMENT
Edition statement 2
260 ## - PUBLICATION, DISTRIBUTION, ETC. (IMPRINT)
Place of publication, distribution, etc Chhattisgrah
Name of publisher, distributor, etc Aditi Publication
Date of publication, distribution, etc 2025
270 ## - ADDRESS
Address Opp.New Panchajanya Vidya Mandir, Near Tiranga Chowk, Kushalpur,Raipur, Chhattisgrah,INDIA
City Raipur
Telephone number +91 9425210308
300 ## - PHYSICAL DESCRIPTION
Extent 224,iiip.
Dimensions 20cm(pb)
700 ## - ADDED ENTRY--PERSONAL NAME
9 (RLIN) 79864
760 ## - MAIN SERIES ENTRY
Edition 1
942 ## - ADDED ENTRY ELEMENTS (KOHA)
Source of classification or shelving scheme Dewey Decimal Classification
Item type English Books
Classification part 020.5
Call number suffix SHR
Edition 2
Holdings
Withdrawn status Lost status Not for loan Collection code Home library Current library Date acquired Source of acquisition Cost, normal purchase price Full call number Barcode Copy number Cost, replacement price Koha item type
      Non-fiction Ashok Vihar Ashok Vihar 03/04/2025 Delivery of Books Act Division 2200.00 020.5 SHR EN-128033 1 2200.00 English Books

© Delhi Public Library
Hit Counter
free hit counter